000 00634nam a2200193 i 4500
001 110208
003 ES-MaACL
005 20260124063016.0
007 t|
008 061121s1983 mx r ||||1| spa d
100 1 _aMoles, Abraham A.,
_d1920-1992
_981863
245 1 0 _aTeoría estructural de la comunicación y sociedad /
_cAbraham A. Moles, Elisabeth Rohmer.
260 _aMéxico :
_bTrillas,
_c1983.
300 _a208 p. ;
_c24 cm.
650 0 4 _aMedios de comunicación social-
_xAspectos sociales.
_914968
700 1 _aRohmer, Elisabeth.
_998983
852 _aES-MaACL
_jL-7723
_bR.108082
999 _c110208
_d110208